MARC

LEADER 00000nam1a2200000 4500
001 91774
005 20231031104243.0
035 |a (RuTPU)RU\TPU\book\98364 
090 |a 91774 
100 |a 20060301d2004 m y0rusy50 ca 
101 0 |a rus 
102 |a RU 
200 1 |a Органическая химия  |e учебное пособие: в 2 ч.  |f Т. А. Сарычева, Л. В. Тимощенко  |g Томский политехнический университет; Институт дистанционного образования 
210 |a Томск  |c Изд-во ТПУ  |d 2004- 
700 1 |a Сарычева  |b Т. А.  |c химик  |c доцент Томского политехнического университета, кандидат химических наук  |f 1952-  |g Тамара Александровна  |2 stltpush 
701 1 |a Тимощенко  |b Л. В.  |c химик  |c доцент Томского политехнического университета, кандидат химических наук  |f 1960-  |g Лариса Владимировна  |2 stltpush 
712 0 2 |a Томский политехнический университет (ТПУ)  |b Институт дистанционного образования (ИДО)  |2 stltpush  |3 (RuTPU)RU\TPU\col\12625 
801 1 |a RU  |b 63413507  |c 20060301  |g PSBO 
801 2 |a RU  |b 63413507  |c 20131017  |g PSBO 
942 |c BK